00701nam a2200229Ia 4500003000900000008004100009040001300050040001300063041000800076100001500084100000800099245007500107250001100182260002100193260000900214300000800223490001200231490000600243942000700249999001700256952019800273IT-RoPAU120407s9999 xx 000 0 und d aIT-RoPAU cIT-RoPAU aita aH. M. Oger cop. aSpiritualità per il nostro tempo. Introduzione alla vita spirituale aModena aEdizioni Paoline c1966 c cm aVita q. v1 cBK c13876d13876 00102ddc406248_86000000000000071aPAULUSbPAULUSd2012-04-11l0o248.86r2012-04-11 00:00:00w2012-04-11yBKzInserito da: Marisa In data: 04 ottobre 2011 fondo: Via A.Severo 56 Progr:33274